| 000 | 00391cam a2200157ua 4500 | ||
|---|---|---|---|
| 041 |
_aeng _h |
||
| 082 |
_a028.71621 _bLAN/RA |
||
| 100 | _aLangford-Smith, F . | ||
| 245 |
_aRadio designers handbook / _cF Langford-Smith. _hTextual Documents |
||
| 250 |
_a4 / _b. |
||
| 260 |
_aLondon : _bIliffee books , _c1967. |
||
| 300 | _a1498 ; . | ||
| 504 | _a | ||
| 942 | _cBK | ||
| 999 |
_c7112 _d7112 |
||